Biblioteca

Teacher of preachers : (Registro nro. 70409)

Detalles MARC
000 -LÍDER
Campo fijo de descripción fija 01505nab a2200253 i 4500
001 - NÚMERO DE CONTROL
Campo de control 768714001
003 - IDENTIFICADOR DEL NÚMERO DE CONTROL
Campo de control CO-MdFUSB
005 - FECHA Y HORA DE LA ULTIMA TRANSACCIÓN
control field 20240627144351.0
008 - ELEMENTOS DE LONGITUD FIJA -- INFORMACIÓN GENERAL
Campo fijo de descripción fija -- Información general 240627t1999 us ||||| |||| 00| 0 eng d
040 ## - FUENTE DE CATALOGACIÓN
Idioma de catalogación spa
Agencia que realiza la transcripción CO-MdFUSB
Agencia que realiza la modificación CO-MdFUSB
041 ## - CÓDIGO DE IDIOMA
Código de idioma para texto/pista de sonido o título separado eng
100 ## - ASIENTO PRINCIPAL--NOMBRE PERSONAL
Nombre personal Hoyle, Lydia Huffman,
Término relacionador autor
245 1# - TÍTULO
Título Teacher of preachers :
Subtitulo Sue McBeth and her Mission to the nez perce
Mención de responsabilidad / Lydia Huffman Hoyle
520 ## - NOTA DE RESUMEN, ETC.
Nota de sumario, etc. Sue McBeth fue una de las muchas misioneras protestantes solteras que sirvieron entre los nativos americanos en el siglo XIX. Como la mayoría, trabajó como maestra. Sin embargo, su enseñanza no se limitó a los niños. Trabajando entre los nez percé, McBeth formó a una generación de ministros que dirigieron las iglesias presbiterianas tribales. Aunque físicamente débil, McBeth era tenaz de espíritu. Sabía lo que estaba llamada a hacer y no permitió que las entidades gubernamentales o denominacionales la detuvieran. A través de su vida, uno puede ver la naturaleza empoderadora del llamado misionero.
546 ## - NOTA DE IDIOMA
Nota de idioma Texto en inglés.
650 #0 - ASIENTO SECUNDARIO DE MATERIA - TERMINO TEMÁTICO
Término temático o nombre geográfico como elemento de entrada Biografías cristianas
9 (RLIN) 1238
650 #0 - ASIENTO SECUNDARIO DE MATERIA - TERMINO TEMÁTICO
Término temático o nombre geográfico como elemento de entrada Mujeres
Subdivisión general Aspectos religiosos
-- Cristianismo
9 (RLIN) 326
650 #7 - ASIENTO SECUNDARIO DE MATERIA - TERMINO TEMÁTICO
Término temático o nombre geográfico como elemento de entrada Misioneros
9 (RLIN) 931
650 #0 - ASIENTO SECUNDARIO DE MATERIA - TERMINO TEMÁTICO
Término temático o nombre geográfico como elemento de entrada Vida cristiana
9 (RLIN) 19
650 #7 - ASIENTO SECUNDARIO DE MATERIA - TERMINO TEMÁTICO
Término temático o nombre geográfico como elemento de entrada Iglesias protestantes
9 (RLIN) 222
773 0# - ASIENTO DE ITEM FUENTE
Biblionumber 49486
Itemnumber 82793
Lugar, editorial y fecha de publicación Pasadena
Otro identificador del ítem R2668
Título Missiology:
Número de control del registro (CO-MdFUSB)97
Parte(s) relacionada(s) / Volumen., número. (mes año), páginas Volumen 27, (número 4, 1999) páginas: 475 - 480
Enumeración y primera página página: 475
942 ## - TIPO DE MATERIAL (KOHA)
Tipo de Item KOHA Artículos de Revista
945 ## - INFORMACIÓN LOCAL DEL REGISTRO
Catalogador Catherine Arias Álvarez - Practicante SENA

No hay ítems disponibles.

Biblioteca FUSBC | Teléfono: (57+4) 349 88 10 Ext. 141| WhatsApp (+57) 3005338115 
E-mail: biblioteca@unisbc.edu.co | Calle 76 87-14 Robledo Palenque, Medellín, Colombia

Con tecnología Koha